| 000 | 00000nam 2200000za 4500 |
| 001 | 9.822316 |
| 003 | CaOODSP |
| 005 | 20221107143647 |
| 007 | cr ||||||||||| |
| 008 | 160809t19761976onc oz f000 0 eng d |
| 020 | |z0-660-00534-4 |
| 040 | |aCaOODSP|beng |
| 041 | |aeng|afre |
| 043 | |an-cn--- |
| 086 | 1 |aE3-1976/3-PDF|zE3-1976/3 |
| 245 | 00|aExtraditon |h[electronic resource] : |btreaty between Canada and the United States of America (amended by an exchange of notes) = Extradition : traité entre le Canada et les États-Unis d'Amérique (amendé par un échange de notes). |
| 246 | 31|aExtradition : |btraité entre le Canada et les États-Unis d'Amérique (amendé par un échange de notes) |
| 246 | 13|aExchange of Notes between the Government of Canada and the Government of the United States of America amending the Treaty on Extradition of December 3, 1971 |
| 246 | 16|aTreaty on Extradition between the Government of Canada and the Government of the United States of America |
| 260 | |aOttawa : |bQueen's Printer = Imprimeur de la Reine, |c1976. |
| 300 | |a25 p. |
| 490 | 1 |aTreaty series = Recueil des traités ; |v1976, no. 3 |
| 500 | |a"Washington, December 3, 1971. Instruments of ratification exchanged March 22, 1976. In force March 22, 1976." |
| 530 | |aIssued also in printed form. |
| 546 | |aText in English and French. |
| 692 | 07|2gccst|aExtradition |
| 692 | 07|2gccst|aInternational agreements |
| 710 | 1 |aCanada. |bDepartment of External Affairs. |
| 792 | |tExtradition |efre|w(CaOODSP)9.822317 |
| 830 | #0|aTreaty series = Recueil des traités ;|v1976, no. 3|w(CaOODSP)9.813197 |
| 856 | 40|qPDF|s1.74 MB|uhttps://publications.gc.ca/collections/collection_2016/amc-gac/E3-1976-3.pdf |